Plasmas Processes Applied on Metals and Alloys (Record no. 21636)

MARC details
000 -LEADER
fixed length control field 01347nam a2200133Ia 4500
008 - FIXED-LENGTH DATA ELEMENTS--GENERAL INFORMATION
fixed length control field 220620s9999||||xx |||||||||||||| ||und||
020 ## - INTERNATIONAL STANDARD BOOK NUMBER
International Standard Book Number 9783040000000
245 #0 - TITLE STATEMENT
Title Plasmas Processes Applied on Metals and Alloys
546 ## - LANGUAGE NOTE
Language note English[eng]
650 ## - SUBJECT ADDED ENTRY--TOPICAL TERM
Topical term or geographic name entry element cathodic plasma electrolysis deposition||Al2O3 coating||oxidation||solution surface tension||nitrogen plasma||Ga droplet||GaN nanodot||transmission electron microscopy||wurtzite||Zinc-blende||plasma cutting||cut heat affected zone||mini-tensile test||steel plate||residual stress||atmospheric pressure plasma jet||platinum||tin oxide||dye-sensitized solar cells||chloroplatinic acid||tin chloride||self-lubricating||composite coating||titanium||plasma electrolytic oxidation (PEO)||polytetrafluoroethylene (PTFE)||plasma nitriding||atmospheric-pressure plasma||nitrogen dose amount||hydrogen fraction||void||Ti6Al4V lattice structure||Ag-doped TiO2 anatase||spark plasma sintering||selective laser melting||additive manufacturing||antibacterial and photoactivity applications||aluminum||surface||plasma||nitrogen||postdischarge||atmospheric pressure||wettability||organic-inorganic halide perovskite||air plasma||plasma treatment||optoelectronic properties||morphology||n/a
700 ## - ADDED ENTRY--PERSONAL NAME
Personal name Chen, Jian-Zhang||Chang, Shih-Hang
856 ## - ELECTRONIC LOCATION AND ACCESS
Uniform Resource Identifier <a href="https://mdpi.com/books/pdfview/book/3840">https://mdpi.com/books/pdfview/book/3840</a>
942 ## - ADDED ENTRY ELEMENTS (KOHA)
Koha item type E-Books
Holdings
Withdrawn status Lost status Damaged status Not for loan Home library Current library Date acquired Total Checkouts Date last seen Price effective from Koha item type
        Kerala University of Digital Sciences, Innovation and Technology Knowledge Centre Kerala University of Digital Sciences, Innovation and Technology Knowledge Centre 20/06/2022   20/06/2022 20/06/2022 E-Books